00454nam a2200145 i 450000100060000000300090000600500170001500700030003200800410003510000630007624500640013926000630020330000220026685200200028897878ES-MaACL20250823063054.0t|050719s1915 sp ||||1| spa d1 aEza, Luis Marichalar y Monreal, cVizconde de, d1873-194513aEl problema agrario en España / cpor el Vizconde de Eza. aMadrid : b[s.n.], c1915 (fImp. de Bernardo Rodríguez) a304 p. ; c24 cm. aES-MaACLjF-326